000 00973nam a2200289 i 4500
003 EG-GICUC
005 20260121101214.0
008 251112s1960 -ukak f |||| 001 0 eng d
040 _aEG-GiCUC
_beng
_cEG-GiCUC
_dEG-GiCUC
_erda
041 0 _aeng
082 0 4 _221
_a338.9
_bRO . S
092 0 4 _221
099 _aLaw1 13 338.9 RO . S 1960
100 1 _aRostow , W. W.
_eAuthor.
245 1 4 _aThe Stages Of Economic Growth :
_bA Non-communist Manifesto /
_cBy W. W. Rostow.
264 1 _aCambridge :
_bThe Cambridge University Press ,
_c1960.
300 _a179 pages :
_billustrations ,
_c24 cm.
336 _2rda content
_atext
337 _2rda media
_aComputer
338 _2rda carrier
_aOnline Resource
504 _aIncludes bibliographical references and index.
546 _aText in English
650 1 4 _aPublic finance and tax legislation
856 4 0 _uhttps://fll.law.cu.edu.eg/fulltext/bks/B13-07461.pdf
905 _a48
942 _2ddc
_cBK
_e21
_n0
999 _c42837
_d42837